Statistics for Irish Rugby Grand Slam Winning Team 2009

Click here to take the quiz!

General Stats

  • This quiz has been taken 292 times
  • The average score is 16 of 22

Answer Stats

HintAnswer% Correct
10O'Gara
98%
13O'Driscoll
96%
18O'Driscoll
96%
5O'Connell
95%
15Kearney
87%
14Bowe
86%
16Best
85%
20Stringer
85%
12D'Arcy
83%
8Heaslip
80%
4O'Callaghan
78%
3Hayes
69%
2Flannery
62%
7Wallace
62%
21Wallace
62%
6Ferris
57%
9O'Leary
56%
11Fitzgerald
51%
22Murphy
50%
1Horan
48%
19Leamy
40%
17Court
27%

Score Distribution

Percentile by Number Answered

Percent of People with Each Score

Your Score History

You have not taken this quiz